00486cam a2200193 a 4500001000800000005001700008008004100025010001700066020002800083040001800111041000800129043001200137080001600149082002000165100000700185101000800192245006200200504003000262387278820180215051108.0890424s1989 nyu b 001 0 eng  a 89033960  a027593263X (alk. paper) aDLCcDLCdDLC aeng an-us--- a370.973 COH00a370.973 COH220 a47 aEDU00aFrom the campus :cedited by Sol Cohen & Lewis C. Solmon. aBibliography: p. 225-226.